Az újratapasztalt óhaza a makói zsidóság világtalálkozói /
Elmentve itt :
| Szerzők: | |
|---|---|
| Dokumentumtípus: | Könyv része |
| Megjelent: |
2014
|
| Sorozat: | A vallási kultúrakutatás könyvei
Hagyományláncolat és modernitás |
| Kulcsszavak: | Zsidók története - Magyarország - 20. sz., Zsidóság |
| Tárgyszavak: | |
| Online Access: | http://acta.bibl.u-szeged.hu/67215 |
| LEADER | 00967naa a2200265 i 4500 | ||
|---|---|---|---|
| 001 | acta67215 | ||
| 005 | 20211122075346.0 | ||
| 008 | 200527s2014 hu o 0|| hun d | ||
| 020 | |a 978-963-306-283-8 | ||
| 022 | |a 2064-4825 | ||
| 040 | |a SZTE Egyetemi Kiadványok Repozitórium |b hun | ||
| 041 | |a hun | ||
| 041 | |a eng | ||
| 100 | 1 | |a Glässer Norbert | |
| 245 | 1 | 3 | |a Az újratapasztalt óhaza |h [elektronikus dokumentum] : |b a makói zsidóság világtalálkozói / |c Glässer Norbert |
| 260 | |c 2014 | ||
| 300 | |a 335-348 | ||
| 490 | 0 | |a A vallási kultúrakutatás könyvei | |
| 490 | 0 | |a Hagyományláncolat és modernitás | |
| 650 | 4 | |a Bölcsészettudományok | |
| 650 | 4 | |a Egyéb bölcsészettudományok | |
| 695 | |a Zsidók története - Magyarország - 20. sz., Zsidóság | ||
| 700 | 0 | 2 | |a Tóth-Ábri Péter |e aut |
| 700 | 0 | 2 | |a Urbancsok Zsolt |e aut |
| 856 | 4 | 0 | |u http://acta.bibl.u-szeged.hu/67215/1/vallasi_kulturakutatas_konyvei_011_335-348.pdf |z Dokumentum-elérés |